[Event "ESP-ch U16 rapid"]
[Site "Salobrena"]
[Date "2023.07.30"]
[Round "5"]
[White "Cesar Maestre, Eduardo"]
[Black "Harutyunyan, Gayane"]
[Result "1/2-1/2"]
[WhiteElo "1783"]
[BlackElo "1522"]
[PlyCount "102"]
[EventDate "2023.07.29"]
[EventType "swiss (rapid)"]
[EventRounds "9"]
[EventCountry "ESP"]
[SourceTitle "EXT 2024"]
[Source "ChessBase"]
[SourceDate "2023.10.10"]
[SourceVersion "1"]
[SourceVersionDate "2023.10.10"]
[SourceQuality "1"]

1. e4 e5 2. Nf3 Nc6 3. Bb5 a6 4. Ba4 Nf6 5. d3 b5 6. Bb3 Bc5 7. Nc3 d6 8. Nd5 h6 9. c3 Na5 10. Bc2 Nxd5 11. exd5 Ba7 12. 0-0 c5 13. dxc6 Nxc6 14. Re1 0-0 15. Be3 Bg4 16. h3 Bh5 17. a4 b4 18. Bxa7 Rxa7 19. Re3 f5 20. Bb3+ Kh8 21. Bd5 Ne7 22. Qb3 Nxd5 23. Qxd5 bxc3 24. bxc3 Qc7 25. Qb3 Bf7 26. Qc2 Rb7 27. Nd2 f4 28. Ree1 Rc8 29. Rec1 d5 30. Rab1 Bg6 31. Rxb7 Qxb7 32. Rb1 Qc7 33. Rb3 Qa5 34. Ra3 Qc5 35. Rb3 Be8 36. Qa2 Qa5 37. c4 dxc4 38. Nxc4 Qxa4 39. Qxa4 Bxa4 40. Ra3 Bb5 41. Nxe5 Rc1+ 42. Kh2 Rf1 43. f3 Kh7 44. Nc4 Rd1 45. Rc3 Bxc4 46. dxc4 a5 47. c5 Rd8 48. Ra3 Ra8 49. Ra4 Ra6 50. Rxf4 a4 51. Re4 a3 1/2-1/2